| 000 | 00337nam a2200133Ia 4500 | ||
|---|---|---|---|
| 005 | 20251222155209.0 | ||
| 008 | 251222s9999||||xx |||||||||||||| ||spa|| | ||
| 082 | _aMEQ.271 | ||
| 100 | _aHospital Casimiro Ulloa. | ||
| 245 | 0 | _aUrgencias médico Quirúrgicas | |
| 250 | _a1ra. ed. | ||
| 264 | _bEditora acción científ. | ||
| 942 | _cLIB | ||
| 999 |
_c40245 _d40245 |
||